Dramatizace her

Bibliographic Details
Main Author: Hloucalová, Jindřiška (Author)
Format: Article
Language:Czech

MARC

LEADER 00000nab a2200000uu 4500
001 vtls011437897
003 SK-MaSNL
005 20260303145642.0
008 230222| xo |||||||||||||||||cze|
015 |a SNBRB 
035 |a (urnnbn)urn:nbn:sk:snk:ar-002mj5 
035 |a (uuid)fef26809-0dfd-40b3-925a-244b95262758 
035 |a urn:nbn:sk:snk-abccy8 
040 |a SNKBUCL  |b slo  |c SNKBUCL  |e AACR2 
041 0 |a cze 
044 |a xo  |c SK 
100 1 |a Hloucalová, Jindřiška  |4 aut  |9 1168360 
245 1 0 |a Dramatizace her  |c Jindřiška Hloucalová 
773 0 |t Predškolská výchova : pedagogický časopis pre učiteľky materských škôl  |g Roč. 21, č. 5 (1966-1967), s. 129-130 
958 |a OND 
958 |a EUIPO 
958 |a article16 
999 |c 2004335  |d 2006265